000 00840nam a22002177a 4500
999 _c12861
_d12861
003 AR-CdUCM
008 190410b ||||| |||| 00| 0 spa d
040 _aMUNICIPALIDAD PROVINCIAL DEL CUSCO
_cBIBLIOTECA MUNICIPAL DEL CUSCO
082 _a376.5109 /
_bU42L
100 _aConcha Pérez, Mauro de la Comisión Central del Tricentenario
_930952
245 _aLibro de Oro :
_bTricentenario 1692-1992 /
_cMauro de la Comisión Central del Tricentenario Concha Pérez UNIVERSIDAD NACIONAL SAN ANTONIO ABAD DEL CUSCO.
260 _aCusco :
_bEditorial Universitaria,
_c1993.
300 _a296 páginas ;
_bFotografías.
_c20.
505 _aContenido: lIbro de oro Unsaac.
650 _aUnsaac
_98726
650 _aCusco
_9772
650 _aTricentenario
_930953
710 _aUnsaac
_96777
942 _2ddc
_cLIBROS
945 _adavv
_d10/04/2019